<?xml version="1.0" encoding="UTF-8"?>
<record
    xmlns:xsi="http://www.w3.org/2001/XMLSchema-instance"
    xsi:schemaLocation="http://www.loc.gov/MARC21/slim http://www.loc.gov/standards/marcxml/schema/MARC21slim.xsd"
    xmlns="http://www.loc.gov/MARC21/slim">

  <leader>00549nam a22002057a 4500</leader>
  <controlfield tag="003">DO-SdBNP</controlfield>
  <controlfield tag="005">20211118134625.0</controlfield>
  <controlfield tag="007">ta</controlfield>
  <controlfield tag="008">211118b           ||||| |||| 00| 0 eng d</controlfield>
  <datafield tag="040" ind1=" " ind2=" ">
    <subfield code="a">DO-SdBNP</subfield>
    <subfield code="b">spa</subfield>
    <subfield code="c">BNPHU</subfield>
  </datafield>
  <datafield tag="082" ind1="4" ind2=" ">
    <subfield code="2">22</subfield>
    <subfield code="a">264.7</subfield>
    <subfield code="b">N964</subfield>
  </datafield>
  <datafield tag="100" ind1=" " ind2=" ">
    <subfield code="a">2001</subfield>
    <subfield code="9">80466</subfield>
  </datafield>
  <datafield tag="245" ind1="1" ind2="0">
    <subfield code="a">Nuestra Se&#xF1;ora de las Mercedes :</subfield>
    <subfield code="c">novena en su honor /</subfield>
  </datafield>
  <datafield tag="260" ind1=" " ind2=" ">
    <subfield code="a">Santo Domingo : </subfield>
    <subfield code="b">MSC,</subfield>
    <subfield code="c">2014.</subfield>
  </datafield>
  <datafield tag="300" ind1=" " ind2=" ">
    <subfield code="a">32 p. : </subfield>
    <subfield code="b">il. ; </subfield>
    <subfield code="c">15 cm.</subfield>
  </datafield>
  <datafield tag="590" ind1=" " ind2=" ">
    <subfield code="a">Inventariado, 2021 / SA</subfield>
  </datafield>
  <datafield tag="650" ind1="4" ind2=" ">
    <subfield code="a">Novenas</subfield>
    <subfield code="9">80664</subfield>
  </datafield>
  <datafield tag="910" ind1=" " ind2=" ">
    <subfield code="a">Saquino</subfield>
  </datafield>
  <datafield tag="942" ind1=" " ind2=" ">
    <subfield code="2">ddc</subfield>
    <subfield code="c">LF2</subfield>
  </datafield>
  <datafield tag="952" ind1=" " ind2=" ">
    <subfield code="0">0</subfield>
    <subfield code="1">0</subfield>
    <subfield code="2">ddc</subfield>
    <subfield code="5">1</subfield>
    <subfield code="7">0</subfield>
    <subfield code="8">MO</subfield>
    <subfield code="a">BNPHU</subfield>
    <subfield code="b">PD</subfield>
    <subfield code="c">CT</subfield>
    <subfield code="d">2018-02-19</subfield>
    <subfield code="e">Donado</subfield>
    <subfield code="l">0</subfield>
    <subfield code="o">BNPHU PD 264.7 N964</subfield>
    <subfield code="p">2021-28212</subfield>
    <subfield code="r">2021-11-18</subfield>
    <subfield code="w">2021-11-18</subfield>
    <subfield code="y">LF2</subfield>
    <subfield code="z">S/A</subfield>
  </datafield>
  <datafield tag="952" ind1=" " ind2=" ">
    <subfield code="0">0</subfield>
    <subfield code="1">0</subfield>
    <subfield code="2">ddc</subfield>
    <subfield code="5">1</subfield>
    <subfield code="7">0</subfield>
    <subfield code="8">MO</subfield>
    <subfield code="a">BNPHU</subfield>
    <subfield code="b">PD</subfield>
    <subfield code="c">CT</subfield>
    <subfield code="d">2018-02-19</subfield>
    <subfield code="e">Donado</subfield>
    <subfield code="l">0</subfield>
    <subfield code="o">BNPHU PD 264.7 N964</subfield>
    <subfield code="p">2021-28213</subfield>
    <subfield code="r">2021-11-18</subfield>
    <subfield code="t">e.2</subfield>
    <subfield code="w">2021-11-18</subfield>
    <subfield code="y">LF2</subfield>
    <subfield code="z">S/A</subfield>
  </datafield>
  <datafield tag="999" ind1=" " ind2=" ">
    <subfield code="c">50997</subfield>
    <subfield code="d">50997</subfield>
  </datafield>
</record>
